000 00569cam a2200181 a 4500
001 4979278
005 20250613133659.0
008 980303s1998 nyuab b 001 0deng
020 _a0195087070 (cl : alk. paper)
050 0 0 _aBS635.2
_b.O94 1998
082 0 0 _a220.9/5
_221
245 0 4 _aThe Oxford history of the biblical world /
_cedited by Michael D. Coogan.
260 _aNew York :
_bOxford University Press,
_c1998.
300 _axii, 643 p. :
_bill., maps ;
_c25 cm.
650 0 _aCivilization, Ancient.
700 1 _aCoogan, Michael David.
942 _2lcc
_cBK
_n0
999 _c6459
_d6459